000 nam a22 7a 4500
999 _c17959
_d17959
008 161130b xxu||||| |||| 00| 0 eng d
050 _aHG179
_b .K59 2010
100 _aKiyosaki,Robert T.
245 _aRich Dad :
_bThe business of the 21st century/
_cRobert T.Kiyosaki ,John Fleming and Kim Kiyosaki
260 _aLake Dallas,Taxes :
_bDreambuilders,
_c2010
300 _axii, 132p. :
_bill. ;
650 _aFinance, Personal
650 _aProfit
700 _aFleming,John
700 _aKiyosaki,Kim
942 _2lcc
_cBOOKS
_hHG179 .K59 2010
_014